Japanese Colleges and Universities 1989

Salvato in:
Dettagli Bibliografici
Natura: Libro
Pubblicazione: Tokyo : Publ.by Maruzen Co, 1989
Tags: Aggiungi Tag
Nessun Tag, puoi essere il primo ad aggiungerne!!

MARC

LEADER 00000nam a22000003a 4500
001 stu16474
005 20150408175752.8
008 ------s1989----ja----------------------d
040 |a STU  |b slo 
041 0
044 |a ja 
080 |a 378.41.9(03) 
245 |a Japanese Colleges and Universities 1989 
260 |a Tokyo :  |b Publ.by Maruzen Co,  |c 1989 
300 |a 731 
996 |b C86271  |c C*86271  |l CCI  |s A  |a 24  |w stu16474_0001